|
|
|
|
| LEADER |
00000nam0a2200000 4500 |
| 001 |
187786 |
| 005 |
20231031174118.0 |
| 035 |
|
|
|a (RuTPU)RU\TPU\book\203766
|
| 090 |
|
|
|a 187786
|
| 100 |
|
|
|a 20101120d1955 km y0rusy50 ca
|
| 101 |
0 |
|
|a rus
|
| 102 |
|
|
|a RU
|
| 105 |
|
|
|a a g 001zy
|
| 200 |
1 |
|
|a Справочник маркшейдера
|h Ч. 2
|f под ред. Т. В. Буткевича, Д. Н. Оглоблина
|
| 210 |
|
|
|a Москва
|c Металлургиздат
|d 1955
|
| 215 |
|
|
|a 927 с.
|c ил.
|
| 320 |
|
|
|a Библиогр. в конце гл.
|
| 610 |
1 |
|
|a маркшейдерское дело
|
| 610 |
1 |
|
|a маркшейдерия
|
| 610 |
1 |
|
|a справочники
|
| 610 |
1 |
|
|a горные выработки
|
| 610 |
1 |
|
|a съемка
|
| 610 |
1 |
|
|a горные работы
|
| 610 |
1 |
|
|a месторождения
|
| 610 |
1 |
|
|a шахтное строительство
|
| 610 |
1 |
|
|a охрана
|
| 610 |
1 |
|
|a потери
|
| 610 |
1 |
|
|a учет
|
| 610 |
1 |
|
|a теодолитные ходы
|
| 610 |
1 |
|
|a маркшейдерские планы
|
| 610 |
1 |
|
|a полезные ископаемые
|
| 610 |
1 |
|
|a геометризация
|
| 610 |
1 |
|
|a запасы
|
| 610 |
1 |
|
|a положения
|
| 610 |
1 |
|
|a инструкции
|
| 675 |
|
|
|a 622.1(035)
|v 3
|
| 702 |
|
1 |
|a Буткевич
|b Т. В.
|4 340
|
| 702 |
|
1 |
|a Оглоблин
|b Д. Н.
|4 340
|
| 801 |
|
1 |
|a RU
|b 63413507
|c 20101120
|
| 801 |
|
2 |
|a RU
|b 63413507
|c 20151102
|g RCR
|
| 942 |
|
|
|c BK
|